000 01041nam a2200241Ia 4500
001 18087
003 GE_BSU
008 181216s||||||||xx |||||||||||||| ||und||
040 _cGE_BSU
080 _a81(479.22)(063)
245 _aარნოლდ ჩიქობავას საკითხავები XVIII
245 _b2007 წლის 10-13 აპრილი : მასალები
245 _cრედ. ვ. შენგელია
250 _aარნოლდ ჩიქობავას ენათმეცნიერების ინ-ტი
260 _aთბილისი
260 _bუნივერსალი
260 _c2007
300 _a116გვ. ; 20სმ.
653 _aარნოლდ ჩიქობავას საკითხავები XVIII
653 _aენათმეცნიერება
653 _aქართული ენა; ქართველური ენები; კავკასიური ენები
942 _cBK
999 _c51130
_d51130